LEADER 01636oam 2200481 450 001 9910703440303321 005 20161212141304.0 035 $a(CKB)5470000002431302 035 $a(OCoLC)912513623 035 $a(EXLCZ)995470000002431302 100 $a20150701d2015 ua 0 101 0 $aeng 135 $aurbn||||||||| 181 $ctxt$2rdacontent 182 $cc$2rdamedia 183 $acr$2rdacarrier 200 00$aNavies and soft power $ehistorical case studies of naval power and the nonuse of military force /$fBruce A. Elleman and S.C.M. Paine, editors 205 $aOfficial U.S. Government edition. 210 1$aNewport, Rhode Island :$cNaval War College Press,$d[2015] 215 $a1 online resource (xi, 231 pages) 225 1 $aNaval War College Newport papers ;$v42 300 $a"June 2015"--Page [ii]. 311 $a1-935352-34-2 320 $aIncludes bibliographical references (pages 201-205). 517 $aNavies and soft power 606 $aNavies$xCivic action$vCase studies 606 $aNavies$xOperations other than war$vCase studies 606 $aBlockade$vCase studies 615 0$aNavies$xCivic action 615 0$aNavies$xOperations other than war 615 0$aBlockade 702 $aElleman$b Bruce A.$f1959- 702 $aPaine$b S. C. M.$f1957- 712 02$aNaval War College (U.S.).$bCenter for Naval Warfare Studies, 712 02$aNaval War College (U.S.).$bPress, 801 0$bAWC 801 1$bAWC 801 2$bOCLCQ 801 2$bGPO 906 $aBOOK 912 $a9910703440303321 996 $aNavies and soft power$93523273 997 $aUNINA